Konsolidácia a všestranný vzostup správy štátu v Habsburskej monarchii v čase panovania Márie Terézie

Zrod razantných tereziánskych reforiem, ktorých cieľom bolo centralizovať moc a podriadiť formy spoločenského života jednotnej štátnej správe.

Na minha lista:
Detalhes bibliográficos
Autor principal: Beličková, Kornélia, 1966-
Outros Autores: Staríčková, Zuzana
Formato: Capítulo de Livro
Idioma:eslovaco
Assuntos:
Tags: Adicionar Tag
Sem tags, seja o primeiro a adicionar uma tag!

MARC

LEADER 00000nla a2200000 4500
001 0241100
005 20240502073925.6
041 0 |a slo 
044 |a SK 
245 1 0 |a Konsolidácia a všestranný vzostup správy štátu v Habsburskej monarchii v čase panovania Márie Terézie  |c Kornélia Beličková, Zuzana Staríčková 
520 |a Zrod razantných tereziánskych reforiem, ktorých cieľom bolo centralizovať moc a podriadiť formy spoločenského života jednotnej štátnej správe. 
610 2 0 |a história 
610 2 0 |a reformy hospodárske 
610 2 0 |a reformy sociálne 
610 2 0 |a reformy školské 
610 2 0 |a správa štátna 
100 1 |a Beličková, Kornélia, 1966- 
700 1 |a Staríčková, Zuzana